| 000 | 00356 a2200157 4500 | ||
|---|---|---|---|
| 001 | 61159 | ||
| 020 | _a9788535706314 | ||
| 040 | _cAnchieta - Pituba | ||
| 100 | _aCereja, Roberto Willian | ||
| 240 | 1 | 0 |
_aLiteratura brasileira _lpor |
| 245 | 1 | 0 | _aLiteratura brasileira |
| 300 | _a576 | ||
| 362 | 0 | _a2005 | |
| 650 | 4 | _aLiteratura brasileira | |
| 942 | _cBK | ||
| 999 |
_c61159 _d61159 |
||